South Eastern Kenya University

Library Online Public Access Catalogue


Bridges to success : (Record no. 7530)

MARC details
000 -LEADER
fixed length control field 00809pam a2200265 a 4500
001 - CONTROL NUMBER
control field 2806298
003 - CONTROL NUMBER IDENTIFIER
control field OSt
005 - DATE AND TIME OF LATEST TRANSACTION
control field 20150729095726.0
008 - FIXED-LENGTH DATA ELEMENTS--GENERAL INFORMATION
fixed length control field 821022s1983 nyu b 001 0 eng
010 ## - LIBRARY OF CONGRESS CONTROL NUMBER
LC control number 82020107
020 ## - INTERNATIONAL STANDARD BOOK NUMBER
International Standard Book Number 0471870625 :
Terms of availability $15.95 (est.)
020 ## - INTERNATIONAL STANDARD BOOK NUMBER
International Standard Book Number 047186577X (pbk.) :
Terms of availability $10.95 (est.)
040 ## - CATALOGING SOURCE
Original cataloging agency SEKU
050 00 - LIBRARY OF CONGRESS CALL NUMBER
Classification number HF 5382.7
Item number .A8 1983
100 1# - MAIN ENTRY--PERSONAL NAME
Personal name Austin, Margaret Faughnan,
Dates associated with a name 1945-
245 10 - TITLE STATEMENT
Title Bridges to success :
Remainder of title finding jobs and changing careers
Statement of responsibility, etc. Margaret Faughnan Austin and Harriet Mason Vines.
260 ## - PUBLICATION, DISTRIBUTION, ETC. (IMPRINT)
Place of publication, distribution, etc. New York :
Name of publisher, distributor, etc. Wiley,
Date of publication, distribution, etc. c1983.
300 ## - PHYSICAL DESCRIPTION
Extent x, 301 p. ;
Dimensions 23 cm.
500 ## - GENERAL NOTE
General note Includes index.
504 ## - BIBLIOGRAPHY, ETC. NOTE
Bibliography, etc Bibliography: p. 287-297.
650 #0 - SUBJECT ADDED ENTRY--TOPICAL TERM
Topical term or geographic name as entry element Job hunting.
650 #0 - SUBJECT ADDED ENTRY--TOPICAL TERM
Topical term or geographic name as entry element Career changes.
700 1# - ADDED ENTRY--PERSONAL NAME
Personal name Vines, Harriet Mason,
Dates associated with a name 1936-
942 ## - ADDED ENTRY ELEMENTS (KOHA)
Source of classification or shelving scheme Library of Congress Classification
Koha item type General circulation
Holdings
Withdrawn status Lost status Source of classification or shelving scheme Damaged status Not for loan Home library Current library Shelving location Date acquired Source of acquisition Total Checkouts Full call number Barcode Date last seen Date last checked out Price effective from Koha item type Public note
    Library of Congress Classification     Main Campus Library Main Campus Library General Stacks 29/07/2015 Donation-Books for Africa 2 HF 5384 .A9 2015/005390 07/04/2017 23/03/2017 29/07/2015 General circulation amk
Kitui, Kenya.
+254736116989
library@seku.ac.ke